000
00301nam a2200109 4500
008
180209b xxu||||| |||| 00| 0 eng d
245
_a
Quake kills hundreds.
260
_a
Philippines:
_b
Philippine Daily Inquirer,
_c
c2017.
300
_a
page A13.
650
0
_9
26313
_a
Natural disaster.
942
_2
ddc
_c
PER
999
_c
8530
_d
8530